00397nam a2200109Ia 4500008004100000082002100041100002300062245004000085260003000125300000900155650012300164211119s9999||||xx |||||||||||||| ||und|| a894.812 1bRAT-A aRatnakaran, Mangad 0aAppo, Kanu Sanyalinu Mathiyayi Alle bD c BooksaKottayamc2015 a77p. aLiterature & rhetoricv Literatures of other languagesAltaic, Uralic, Hyperborean & Dravidian MalayalamxGeneral Stack